| 000 | 02112nam a22003017a 4500 | ||
|---|---|---|---|
| 999 |
_c57184 _d57184 |
||
| 003 | Ge_BSU | ||
| 005 | 20191224115429.0 | ||
| 008 | 191224s2018 ge ||||| |||| 00| 0 geo d | ||
| 020 | _a9789941804861 | ||
| 041 | _ageo | ||
| 080 | _a378.4 თ-29 | ||
| 245 |
_aთანამედროვე უნივერსიტეტის მისია = The mission of the modern university : _bკრებული / _cრედ : მიტროპოლიტი გრიგოლი (ბერბიჭაშვილი) ; უდო რაინჰოლდ იეკი ; თენგიზ ირემაძე ; ყდის დიზ : გიორგი ბაგრატიონი . |
||
| 250 | _aI გამოცემა | ||
| 264 |
_aთბილისი, _c2018. |
||
| 300 |
_a132 გვ. ; _c18 სმ. |
||
| 500 | _aსახელთა საძიებელი: გვ. 123-128 | ||
| 504 | _aბიბლიოგრ. ტექსტის შენიშვნებში. | ||
| 520 | _aრეზიუმეები ინგლ. ენაზე. | ||
| 546 | _aყდა, თავფურცელი ქართ. და ინგლ. ენებზე. | ||
| 653 | _aსაუნივერსიტეტო განათლება. | ||
| 653 | _aუმაღლესი განათლება | ||
| 700 |
_a(ბერბიჭაშვილი) , გრიგოლი მიტროპოლიტი _eრედაქტორი _95943 |
||
| 700 |
_aრაინჰოლდ , იეკი უდო _eრედაქტორი _95944 |
||
| 700 |
_aირემაძე , თენგიზ _eრედაქტორი _92229 |
||
| 700 |
_a ბაგრატიონი , გიორგი _eყდის დიზაინი _95945 |
||
| 710 |
_aახალი საქართველოს უნ-ტი, კავკასიური ფილოსოფიისა და თეოლოგიის სამეცნიერო-კვლევითი არქივი. _95946 |
||
| 942 |
_2udc _cBK |
||